000 00888cab a2200229 4500
001 ABS43351
008 090401t1990 xxu||||| |||| 00| 0 eng d
035 _a(Sirsi) u41421
041 _aeng
100 _aThomson, N.
245 _aTowards a clean bill of health
260 _c1990
350 _a0
490 _aBuilding Services & Environmental Engineer
_v13(1) September 1990, 3
520 _aIdentifies the most important indoor air pollutants: formaldehyde , organic gas es and vapours, dust , airborne fibres , bacteria and fungi , discusses the measurement of carbon dioxide as an indicator of fresh-air ventilation and introduces the concept of a ` building health certificate ` for office buildings .
650 _aAIR POLLUTION
650 _aHEALTH
650 _aSICK BUILDINGS
690 _aENVIRONMENTAL AND LAND CONSULTANCY
942 _n0
948 _c04/03/1997
999 _c26619
_d26619